01310nam a2200229Ia 4500008004100000020001800041050002500059100002500084245009700109260003100206300002600237650004300263700004300306952010200349952010200451952010200553952010200655952010200757952010200859952010200961999001701063120721s9999 xx 000 0 und d a970-15-0041-5 aQA76.76063 F368 1998 aFerreyra C., Gonzalo aWindows 3.1 : incluye hasta la versión 3.11 / Gonzalo C. Ferreyra, Juan Carlos Espinosa H. aMéxico : Alfaomega, 1998 a171 p. : il. ; 23 cm. a1. Windows (programa para computadora) aI. Espinosa H., Juan Carlos, coaut.Ì 00104070a08b08d2008-12-17l0oQA76.76063 F368 1998p08 000102r2012-07-20t1w2012-07-20yLB 00104070a08b08d2009-02-25l0oQA76.76063 F368 1998p08 001483r2012-07-20t2w2012-07-20yLB 00104070a08b08d2009-02-25l0oQA76.76063 F368 1998p08 001484r2012-07-20t3w2012-07-20yLB 00104070a08b08d2009-02-25l0oQA76.76063 F368 1998p08 001485r2012-07-20t4w2012-07-20yLB 00104070a08b08d2009-02-25l0oQA76.76063 F368 1998p08 001486r2012-07-20t5w2012-07-20yLB 00104070a08b08d2009-02-25l0oQA76.76063 F368 1998p08 001487r2012-07-20t6w2012-07-20yLB 00104070a08b08d2009-02-25l0oQA76.76063 F368 1998p08 001488r2012-07-20t7w2012-07-20yLB c81278d81278